Countries with the most EU FNCS Wins - Statistics

General Stats
  • This quiz has been taken 7 times
  • The average score is 13 of 15
Answer Stats
FNCS Wins Players Country % Correct
2x Andilex, nayte France ๐Ÿ‡ซ๐Ÿ‡ท
100%
6x JannisZ, Vadeal, Flickzy Germany ๐Ÿ‡ฉ๐Ÿ‡ช
100%
7x kiryache, Toose, Putrick, Swizzy, Malibuca Russia ๐Ÿ‡ท๐Ÿ‡บ
100%
6x Aqua, Stompy, Tschinken, Vic0 Austria ๐Ÿ‡ฆ๐Ÿ‡น
86%
6x MariusCOW, Tjino, PabloWingu, Fredoxie, Sky, Scroll Denmark ๐Ÿ‡ฉ๐Ÿ‡ฐ
86%
3x Merstach Latvia ๐Ÿ‡ฑ๐Ÿ‡ป
86%
5x Setty, Kami, Teeq Poland ๐Ÿ‡ต๐Ÿ‡ฑ
86%
5x Queasy, Trulex Serbia ๐Ÿ‡ท๐Ÿ‡ธ
86%
5x TaySon Slovenia ๐Ÿ‡ธ๐Ÿ‡ฎ
86%
6x drobban, znappy, wakie, chapix, pixie Sweden ๐Ÿ‡ธ๐Ÿ‡ช
86%
3x stormyrite, Vanyak3kk Ukraine ๐Ÿ‡บ๐Ÿ‡ฆ
86%
7x Mongraal, Hen, Veno United Kingdom ๐Ÿ‡ฌ๐Ÿ‡ง
86%
1x Mitr0 Netherlands ๐Ÿ‡ณ๐Ÿ‡ฑ
71%
1x Jur3ky Croatia ๐Ÿ‡ญ๐Ÿ‡ท
57%
1x RedRush Lithuania ๐Ÿ‡ฑ๐Ÿ‡น
57%
No matching quizzes found
Score Distribution
Percent of People with Each Score
Percentile by Number Answered
Your Score History
You have not taken this quiz